000 00460nam a2200169Ia 4500
003 GCL
008 140319s9999 xx 000 0 eng d
040 _aGCL /
_cGCL
082 0 4 _aCH
_b030
_bT W
100 1 _aTIME LIFE BOOKS
245 1 0 _aTHE WORLD WE LIVE IN /
_cTIME LIFE BOOKS
260 _a[S.N] :
_bTIME - LIFE BOOKS INC. ،
_c1989
300 _a87 P
650 0 4 _aENCYCLOPEDIAS
650 0 4 _aCHILDREN - ENCYCLOPEDIAS AND DICTIONARY
942 _2ddc
_cBK
999 _c11453
_d11453